| 000 | 00652nam a22002057a 4500 | ||
|---|---|---|---|
| 008 | 100317r20062008ii|||||r|||| 001 0 eng d | ||
| 020 | _a8170089573 | ||
| 040 |
_aEG-ScBUE _cEG-ScBUE |
||
| 082 |
_222 _a669.94 _bALA |
||
| 100 |
_912849 _aAlavudeen, A. |
||
| 245 |
_aA Textbook of Engineering Materials and Metallurgy/ _cBy A. Alavudeen, N. Venkateshwaran & J. T. Winowlin Jappes |
||
| 260 |
_aNew Delhi: _bLaxmi, 2006 _c2006 |
||
| 300 |
_a287 p. : _bill.; _c23 cm. |
||
| 500 | _aIncludes index | ||
| 650 |
_912852 _aMetallurgy _2BUEsh |
||
| 651 | _2BUEsh | ||
| 700 |
_912850 _aVenkateshwaran, N. |
||
| 700 |
_912851 _aJappes, Winowlin |
||
| 942 |
_2ddc _cBB |
||
| 999 |
_c13720 _d13720 |
||